000
002450000a22000970004500
100
1
_a
Kelly, Douglas
245
1
0
_a
Some aspects of the preaching of John Calvin
300
_a
Vol. 5, Núm 3 (1987), Páginas 10-16
773
0
_t
Evangel
942
_c
ANA
999
_c
54327
_d
54327